Scale Development : Theory and Applications /
Shranjeno v:
| Glavni avtor: | |
|---|---|
| Format: | Knjiga |
| Jezik: | angleščina |
| Izdano: |
Los Angeles, EUA :
Sage,
2003, c2003
|
| Izdaja: | 2a edición |
| Serija: | (Applied Social Research Method Series ;
26) |
| Teme: | |
| Oznake: |
Brez oznak, prvi označite!
|
MARC
| LEADER | 00000nam^a2200000^a^4500 | ||
|---|---|---|---|
| 001 | 000156551 | ||
| 005 | 20250521000000.0 | ||
| 009 | 20260310100508.043 | ||
| 020 | |a 0-7619-2605-4 | ||
| 037 | |a Acervo ITESO - Biblioteca | ||
| 041 | |a ING | ||
| 082 | |a 300. 1 |b DEV | ||
| 100 | |a DeVellis, Robert F. |e (autor) | ||
| 245 | 1 | 0 | |a Scale Development : |b Theory and Applications / |c R.F. DeVellis. |
| 250 | |a 2a edición | ||
| 264 | 4 | |a Los Angeles, EUA : |b Sage, |c 2003, c2003 | |
| 300 | |a VIII, 171 p. | ||
| 336 | |a texto |b txt |2 rdacontenido | ||
| 337 | |a sin mediación |b n |2 rdamedio | ||
| 338 | |a volumen |b nc |2 rdasoporte | ||
| 440 | 1 | |a (Applied Social Research Method Series ; |v 26) | |
| 649 | |a XX | ||
| 650 | |a Validez | ||
| 650 | |a Confiabilidad | ||
| 650 | |a Variables (Matemáticas) | ||
| 650 | |a Análisis Factorial | ||
| 650 | |a Medición | ||
| 650 | |a Metodología | ||
| 650 | |a Ciencias Sociales - |x Investigación | ||
| 650 | |a Ciencias Sociales - |x Metodología | ||
| 910 | |a Fondo General | ||
| 920 | |a Impresos - Libros | ||
| 930 | |a Colección General | ||
| 905 | |a 101 | ||
| 901 | |a 0500084314 |b IT1 |c ACC |u 20250521 | ||
| 902 | |a https://opac.biblio.iteso.mx/vufind/Record/000156551 | ||